Catálogo público

Plan de negocios para establecer una planta extractora de aceite de palma africana (Elaeis guineensis) en Chekubul, Carmen, Campeche (Record no. 100120)

MARC details
000 -CABECERA
campo de control de longitud fija 03134nam a2200433 a 4500
003 - IDENTIFICADOR DEL NÚMERO DE CONTROL
campo de control CHAP
005 - FECHA Y HORA DE LA ÚLTIMA TRANSACCIÓN
campo de control 20241015092841.0
007 - CAMPO FIJO DE DESCRIPCIÓN FÍSICA--INFORMACIÓN GENERAL
campo de control de longitud fija cr ||||||a|c|a
008 - DATOS DE LONGITUD FIJA--INFORMACIÓN GENERAL
campo de control de longitud fija 101209s2010 mx r 00010 spa d
035 ## - NÚMERO DE CONTROL DEL SISTEMA
Número de control de sistema 111778
040 ## - FUENTE DE LA CATALOGACIÓN
Centro/agencia transcriptor CHAP
090 ## - LOCALMENTE ASIGNADO TIPO-LC NÚMERO DE CLASIFICACIÓN (OCLC); NÚMERO DE CLASIFICACIÓN LOCAL (RLIN)
Número de clasificación (OCLC) (R) ; Numero de clasificación, CALL (RLIN) (NR) Tesis
100 1# - ENTRADA PRINCIPAL--NOMBRE DE PERSONA
Nombre de persona Anastacio Felipe, Genaro
9 (RLIN) 5481
245 10 - MENCIÓN DE TÍTULO
Título Plan de negocios para establecer una planta extractora de aceite de palma africana (Elaeis guineensis) en Chekubul, Carmen, Campeche
Mención de responsabilidad, etc. /por Genaro Anastacio Felipe; director Pedro Ponce Hernández
264 1# - PRODUCCIÓN, PUBLICACIÓN, DISTRIBUCIÓN, FABRICACIÓN Y COPYRIGHT
Producción, publicación, distribución, fabricación y copyright Chapingo, Méx. :
Nombre del de productor, editor, distribuidor, fabricante El autor,
Fecha de producción, publicación, distribución, fabricación o copyright 2010.
300 ## - DESCRIPCIÓN FÍSICA
Extensión 1 recurso en línea (130 páginas).
336 ## - TIPO DE CONTENIDO
Fuente rdacontent
Término de tipo de contenido texto
Código de tipo de contenido txt
337 ## - TIPO DE MEDIO
Fuente rdamedia
Nombre/término del tipo de medio computadora
Código del tipo de medio c
338 ## - TIPO DE SOPORTE
Fuente rdacarrier
Nombre/término del tipo de soporte recursos en línea
Código del tipo de soporte cr
502 ## - NOTA DE TESIS
Tipo de título (Ingeniero Agroindustrial) --
Nombre de la institución que otorga el título Departamento de Ingeniería Agroindustrial,
Año de obtención del título 2010
Información miscelánea Licenciatura
520 ## - SUMARIO, ETC.
Sumario, etc. En esta tesis se da a conocer las actividades realizadas, en un periodo de tres meses, en la empresa “Palmicultores del Milenio del Estado de Campeche U.S.P.R. de R.I.” dónde se llevó a cabo un Plan de Negocios para Establecer una Planta Extractora de Aceite de Palma Africana (Elaeis guineensis), en Chekubul, Carmen, Campeche. La tarea delegada por la empresa, principalmente, se basó en la elaboración de un plan de negocios en beneficio de la Unión de Sociedades de Producción Rural de Responsabilidad Ilimitada, que justifique ante diferentes instancias correspondientes la importancia, los impactos y beneficios que se obtendrán al establecer la Planta Extractora de Aceite. La metodología empleada para dar el dictamen y las recomendaciones del plan de negocios se basó en la elaboración del estudio de mercado, estudio de materia prima, estudio organizacional y en la evaluación financiera. Considerando la magnitud y la importancia que representa este trabajo a favor del sector más desprotegido (sector primario), se decidió contribuir y participar en la realización del mismo. Después de la elaboración, evaluación y dictamen del plan de negocios, es posible decir que parte de los requerimientos que sugiere cualquier instancia de financiamiento, ya está plasmado en un documento, y es cuestión de tiempo para que se cumplan el resto de los requisitos y se inicie la adquisición de la maquinaría e infraestructura, así como la construcción de la obra civil y la obtención de todos los implementos para iniciar actividades de la misma.
650 04 - PUNTO DE ACCESO ADICIONAL DE MATERIA--TÉRMINO DE MATERIA
Término de materia o nombre geográfico como elemento de entrada Aceite de palma.
9 (RLIN) 446
650 04 - PUNTO DE ACCESO ADICIONAL DE MATERIA--TÉRMINO DE MATERIA
Término de materia o nombre geográfico como elemento de entrada Extractos vegetales.
9 (RLIN) 39214
650 04 - PUNTO DE ACCESO ADICIONAL DE MATERIA--TÉRMINO DE MATERIA
Término de materia o nombre geográfico como elemento de entrada Negocios.
9 (RLIN) 80696
700 1# - PUNTO DE ACCESO ADICIONAL--NOMBRE DE PERSONA
Nombre de persona Ponce Hernández, Pedro
9 (RLIN) 90789
Término indicativo de función/relación Director de tesis.
856 ## - LOCALIZACIÓN Y ACCESO ELECTRÓNICOS
Identificador Uniforme del Recurso http://10.13.5.2/tesis/111778.pdf
Nota pública DESCARGAR PDF
942 ## - ELEMENTOS DE PUNTO DE ACCESO ADICIONAL (KOHA)
Tipo de ítem Koha Tesis digital
Fuente del sistema de clasificación o colocación Clasificación Universidad Autónoma Chapingo
590 ## - NOTA LOCAL (RLIN)
Nota local ALEPH
Procedencia (VM) [OBSOLETO] 10
Condición del los carretes individuales (VM) [OBSOLETO] 20130110
590 ## - NOTA LOCAL (RLIN)
Nota local BATCH-UPD
Procedencia (VM) [OBSOLETO] 10
Condición del los carretes individuales (VM) [OBSOLETO] 20130110
590 ## - NOTA LOCAL (RLIN)
Nota local BATCH-UPD
Procedencia (VM) [OBSOLETO] 10
Condición del los carretes individuales (VM) [OBSOLETO] 20140324
590 ## - NOTA LOCAL (RLIN)
Nota local BATCH-UPD
Procedencia (VM) [OBSOLETO] 10
Condición del los carretes individuales (VM) [OBSOLETO] 20141002
590 ## - NOTA LOCAL (RLIN)
Nota local BATCH
Procedencia (VM) [OBSOLETO] 00
Condición del los carretes individuales (VM) [OBSOLETO] 20181121
590 ## - NOTA LOCAL (RLIN)
Nota local CONVERSION
Procedencia (VM) [OBSOLETO] 10
Condición del los carretes individuales (VM) [OBSOLETO] 20130109
901 ## - ELEMENTOS DE DATOS A LOCAL LDA (RLIN)
a BK
949 ## - PROCESAMIENTO DE INFORMACIÓN LOCAL (OCLC)
b BC
c TES
d 33724002226777
e TS1
h 51664
i 111778
s b
949 ## - PROCESAMIENTO DE INFORMACIÓN LOCAL (OCLC)
b BC
c TES
d 33724002226819
e TS2
f c.2
g DonaciØn
h 51665
i 111778
s b
Holdings
Estado de retiro Estado de pérdida Fuente del sistema de clasificación o colocación Estado dañado Restricciones de uso No para préstamo Código de colección Localización permanente Ubicación/localización actual Ubicación en estantería Fecha de adquisición Información codificada de la localización en otra ubicación Total de préstamos Signatura topográfica completa Fecha visto por última vez Precio válido a partir de Tipo de ítem Koha
    Clasificación Universidad Autónoma de Chapingo   Préstamo interno   Tesis digitales de Licenciatura Biblioteca Digital Biblioteca Digital En línea 31/12/2019 TESIS   Tesis digital 31/12/2019 14/10/2024 Tesis digital